Municipio de Jinotega : Manos a la obra

Bibliographic Details
Main Author: Asocianción de Municipios de Nicaragua.
Format: Section = Libro
Language:Undetermined
Spanish
Published: Managua COSUDE 2003
Subjects:
LEADER 00576nam a2200205Ia 4500
008 240829s9999 xx 000 0 und d
040 |a BIBLIOTECA-RUSB/ Ref 363.34 A837 
041 |a spa 
082 |a Ref 363.34 A837 
100 1 |a Asocianción de Municipios de Nicaragua.  
245 1 0 |a Municipio de Jinotega : Manos a la obra 
260 |a Managua  |b COSUDE  |c 2003 
300 |a 43 p. :il. 
650 7 |a DESASTRES MUNICIPALES DE JINOTEGA 
650 7 |b  MEDIDAS DE PREVENCION 
650 7 |c  DESLIZAMIENTO 
650 7 |d  DERRUMBES 
942 |c BK  |2 ddc 
991 |a TEXTO 
999 |c 5881